000
00226nam a22001097a 4500
082
_a
423 DIC
100
_a
DIC
_9
76066
245
_a
THE NEW NATIONAL DICTIONARY
260
_a
LONDON
_b
PDF
_c
1966
300
_a
575P
942
_c
BK
999
_c
581485
_d
581485